000 00763nam a2200181Ia 4500
008 100920s9999 xx 000 0 und d
082 _b83316
_a24 न 02
100 _aगर्ग लक्ष्मीनारायण.
245 _aपरमाणु से नैनो -प्रौद्योगिकी तक.
260 _bचिल्ड्रन्स बुक ट्रस्ट, नयी दिल्ली.
_c2002
300 _a143
_bसाधी
365 _b75
520 _aसायो.
630 _aपरमाणु से नैनो -प्रौद्योगिकी तक.
650 _aसायो.
730 _aपरमाणु से नैनो -प्रौद्योगिकी तक.
942 _cBOOK
999 _c723950
_d723947